[Event "RUS-chT Blitz (Women)"]
[Site "Sochi"]
[Date "2021.10.14"]
[Round "10.2"]
[White "Turebayeva, Alfiya"]
[Black "Dimitrova, Aleksandra"]
[Result "1/2-1/2"]
[WhiteElo "1970"]
[BlackElo "2197"]
[PlyCount "100"]
[EventDate "2021.10.14"]
[EventType "team-tourn (blitz)"]
[EventRounds "11"]
[EventCountry "RUS"]
[SourceTitle "CBM 204 Extra"]
[Source "ChessBase"]
[SourceDate "2021.11.30"]
[SourceVersion "1"]
[SourceVersionDate "2021.11.30"]
[SourceQuality "1"]
[WhiteTeam "Cheliabinsk Yuzhnyy Ural (W) III"]
[BlackTeam "Moscow SSh Yunost (W)"]
[WhiteTeamCountry "RUS"]
[BlackTeamCountry "RUS"]

1. e4 c5 2. c3 d5 3. exd5 Qxd5 4. d4 Nc6 5. Nf3 Bf5 6. Be2 cxd4 7. cxd4 Bxb1 8. Rxb1 Nf6 9. 0-0 e6 10. b3 Bd6 11. Bc4 Qh5 12. Ne5 Nxe5 13. Qxh5 Nxh5 14. dxe5 Bxe5 15. Bb5+ Ke7 16. Ba3+ Kf6 17. g3 g5 18. Be2 Ng7 19. Bf3 Rac8 20. Rbc1 b6 21. Rfd1 Rxc1 22. Rxc1 Rd8 23. Rc2 Nf5 24. Kg2 Rd7 25. Bc1 Nd4 26. Rd2 Rc7 27. Bb2 Nxf3 28. Kxf3 Bxb2 29. Rxb2 Ke5 30. Ke3 Rc1 31. Rd2 Ra1 32. a4 Rb1 33. Rd3 h5 34. h4 gxh4 35. gxh4 Rh1 36. Rd7 Rxh4 37. Rxf7 a5 38. Rh7 Kd5 39. Rh6 Rh3+ 40. f3 Rh1 41. Kd3 h4 42. Rh5+ Kd6 43. Rb5 Kc7 44. Re5 Rf1 45. Ke2 Rb1 46. Rxe6 h3 47. Rh6 h2 48. Rh7+ Kd6 49. Rh6+ Ke5 50. Rh5+ Kf6 1/2-1/2

[Event "Cheliabinsk Panchenko Memorial op-B"]
[Site "Cheliabinsk"]
[Date "2021.09.21"]
[Round "10"]
[White "Shukhman, Anna"]
[Black "Turebayeva, Alfiya"]
[Result "1-0"]
[WhiteElo "2042"]
[BlackElo "1970"]
[PlyCount "67"]
[EventDate "2021.09.13"]
[EventType "swiss"]
[EventRounds "10"]
[EventCountry "RUS"]
[SourceTitle "CBM 204 Extra"]
[Source "ChessBase"]
[SourceDate "2021.11.30"]
[SourceVersion "1"]
[SourceVersionDate "2021.11.30"]
[SourceQuality "1"]

1. e4 e5 2. Nf3 Nc6 3. Bc4 Be7 4. d4 d6 5. h3 Nf6 6. Nc3 0-0 7. 0-0 a6 8. a4 h6 9. Re1 Re8 10. Nd5 Nxd5 11. Bxd5 Nxd4 12. Nxd4 exd4 13. Qh5 Be6 14. Bxb7 Ra7 15. Bc6 Rf8 16. Ra3 Kh7 17. Rd3 Bf6 18. f4 g6 19. Qf3 Bg7 20. Rdd1 Bd7 21. e5 dxe5 22. fxe5 Bxc6 23. Qxc6 Qe7 24. Bf4 Qb4 25. b3 d3 26. Re4 dxc2 27. Qxc2 Qb7 28. e6 c6 29. Be3 Raa8 30. e7 Rfe8 31. Bc5 Bf6 32. Rf1 Bg7 33. Rxf7 Rg8 34. e8Q 1-0

[Event "Cheliabinsk Panchenko Memorial op-B"]
[Site "Cheliabinsk"]
[Date "2021.09.14"]
[Round "2"]
[White "Barkasheva, Sofia"]
[Black "Turebayeva, Alfiya"]
[Result "0-1"]
[WhiteElo "1605"]
[BlackElo "1970"]
[PlyCount "88"]
[EventDate "2021.09.13"]
[EventType "swiss"]
[EventRounds "10"]
[EventCountry "RUS"]
[SourceTitle "CBM 204 Extra"]
[Source "ChessBase"]
[SourceDate "2021.11.30"]
[SourceVersion "1"]
[SourceVersionDate "2021.11.30"]
[SourceQuality "1"]

1. e4 e5 2. Nf3 Nc6 3. Bb5 a6 4. Ba4 d6 5. c3 Bd7 6. 0-0 Nge7 7. d4 Ng6 8. Re1 Be7 9. Nbd2 h6 10. Nf1 Bg5 11. Ng3 Bxc1 12. Rxc1 0-0 13. Nf5 Re8 14. g3 exd4 15. cxd4 d5 16. Bxc6 bxc6 17. Qc2 Qf6 18. N5h4 Nxh4 19. Nxh4 dxe4 20. Rxe4 Rxe4 21. Qxe4 Re8 22. Qd3 Bh3 23. Ng2 Qe6 24. Qe3 Qd7 25. Qd3 Rd8 26. Rd1 a5 27. Nf4 Bg4 28. Re1 Bf5 29. Qc3 a4 30. Qc5 Bg4 31. h3 Bf3 32. Re3 Bd5 33. a3 Bb3 34. Kh2 Qd6 35. Nd3 Be6 36. Nb4 Qxd4 37. Qxd4 Rxd4 38. Rc3 Rd2 39. Rxc6 Rxf2+ 40. Kg1 Rxb2 41. g4 Rb3 42. Nc2 Rxh3 43. Rxc7 Rg3+ 44. Kf2 Rxg4 0-1

[Event "Satka Autumn op (Women)"]
[Site "Satka"]
[Date "2019.09.24"]
[Round "6"]
[White "Turebayeva, Alfiya"]
[Black "Krylova, Mariya"]
[Result "1-0"]
[WhiteElo "2076"]
[BlackElo "1543"]
[PlyCount "95"]
[EventDate "2019.09.19"]
[EventType "swiss"]
[EventRounds "9"]
[EventCountry "RUS"]
[SourceTitle "EXT 2020"]
[Source "ChessBase"]
[SourceDate "2019.10.17"]
[SourceVersion "1"]
[SourceVersionDate "2019.10.17"]
[SourceQuality "1"]

1. e4 d6 2. d4 Nf6 3. Nc3 e5 4. Nf3 Nbd7 5. Bc4 Be7 6. 0-0 0-0 7. a4 c6 8. Re1 exd4 9. Nxd4 Ne5 10. Be2 Re8 11. Bf4 Bf8 12. Bg3 a6 13. Qd2 Ng6 14. Bc4 Nh5 15. Rad1 Nxg3 16. hxg3 Ne5 17. Bf1 Qc7 18. Nf5 Bxf5 19. exf5 d5 20. Qd4 b5 21. Ra1 b4 22. Ne2 Rad8 23. Qh4 Qe7 24. Nd4 Qxh4 25. gxh4 c5 26. Rxe5 Rxe5 27. Nc6 Ree8 28. Nxd8 Rxd8 29. Bxa6 c4 30. Rd1 c3 31. bxc3 bxc3 32. Kf1 d4 33. Bd3 Be7 34. g3 g6 35. fxg6 fxg6 36. a5 Bc5 37. Rb1 Rd7 38. Rb8+ Kg7 39. Rc8 Ba7 40. g4 h6 41. Rc6 g5 42. Rg6+ Kf7 43. Rxh6 Ke7 44. h5 Kd8 45. Rh8+ Kc7 46. h6 Bc5 47. h7 Kd6 48. Rg8 1-0

[Event "Satka Autumn op (Women)"]
[Site "Satka"]
[Date "2019.09.22"]
[Round "4"]
[White "Turebayeva, Alfiya"]
[Black "Lebedeva, Ulyana"]
[Result "0-1"]
[WhiteElo "2076"]
[BlackElo "1660"]
[PlyCount "166"]
[EventDate "2019.09.19"]
[EventType "swiss"]
[EventRounds "9"]
[EventCountry "RUS"]
[SourceTitle "EXT 2020"]
[Source "ChessBase"]
[SourceDate "2019.10.17"]
[SourceVersion "1"]
[SourceVersionDate "2019.10.17"]
[SourceQuality "1"]

1. e4 c5 2. c3 d5 3. exd5 Qxd5 4. d4 e6 5. Nf3 Nf6 6. Na3 cxd4 7. Nb5 Na6 8. Qxd4 Bd7 9. Qxd5 Nxd5 10. Ne5 Bc5 11. Nxd7 Kxd7 12. Bg5 Be7 13. Bd2 Rhd8 14. 0-0-0 Ke8 15. Be2 Bc5 16. Bg5 f6 17. Bh4 Nac7 18. Nxc7+ Nxc7 19. Bf3 Nd5 20. Rhe1 Kf7 21. Bg3 Rac8 22. Kb1 b5 23. h4 Bb6 24. h5 Bc7 25. Bxc7 Rxc7 26. Be4 Rcd7 27. Kc2 f5 28. Bxd5 Rxd5 29. Rxd5 Rxd5 30. f4 Kf6 31. b3 Rc5 32. Rd1 b4 33. c4 e5 34. g3 e4 35. Rd7 Ra5 36. Kb2 Ke6 37. Rd2 Ke7 38. Rg2 Kf6 39. Rc2 Ke6 40. Kc1 Kd6 41. Kd2 Kc5 42. Ke3 Ra6 43. g4 g6 44. gxf5 gxf5 45. Rg2 h6 46. Rg6 Rd6 47. Ke2 a6 48. Rg8 Rf6 49. Rd8 Kc6 50. Rd5 Kb6 51. Ke3 Kc6 52. Ra5 Kb6 53. Re5 Kc6 54. c5 Kd7 55. Kd4 Kc6 56. Kc4 a5 57. Kd4 Kb5 58. Kd5 Rc6 59. Rxf5 e3 60. Kd4 Re6 61. c6+ Kxc6 62. Rc5+ Kd6 63. Rc1 e2 64. Re1 Re8 65. Kd3 Kd5 66. f5 Re5 67. f6 Ke6 68. f7 Kxf7 69. Rxe2 Rxe2 70. Kxe2 Kf6 71. Kd3 Kg5 72. Kc4 Kxh5 73. Kb5 Kg4 74. Kxa5 h5 75. Kxb4 h4 76. a4 h3 77. a5 h2 78. a6 h1Q 79. Kb5 Qd5+ 80. Kb6 Qxb3+ 81. Kc7 Qc4+ 82. Kb7 Qb5+ 83. Ka7 Kf5 0-1

[Event "Satka Autumn op (Women)"]
[Site "Satka"]
[Date "2016.09.29"]
[Round "9"]
[White "Turebayeva, Alfiya"]
[Black "Sazonova, Elena"]
[Result "1/2-1/2"]
[WhiteElo "2098"]
[BlackElo "2154"]
[PlyCount "104"]
[EventDate "2016.09.21"]
[EventType "swiss"]
[EventRounds "9"]
[EventCountry "RUS"]
[SourceTitle "EXT 2017"]
[Source "ChessBase"]
[SourceDate "2016.10.25"]
[SourceVersion "1"]
[SourceVersionDate "2016.10.25"]
[SourceQuality "1"]

1. e4 c5 2. c3 Nf6 3. e5 Nd5 4. Nf3 Nc6 5. Bc4 Nb6 6. Bb3 c4 7. Bc2 g6 8. d4 cxd3 9. Qxd3 Bg7 10. Bf4 d6 11. exd6 Bf5 12. Qe2 Bxc2 13. Qxc2 e5 14. Bg5 f6 15. Be3 Qxd6 16. Na3 Nd5 17. Nb5 Qe7 18. Bd2 a6 19. Na3 0-0 20. 0-0 Rfd8 21. Rfe1 Rac8 22. Qb3 Kh8 23. Rad1 Qc7 24. c4 Nde7 25. Be3 Rxd1 26. Rxd1 Nf5 27. Bb6 Qe7 28. Nc2 Bh6 29. Qc3 Qe6 30. b3 e4 31. Nfd4 Ncxd4 32. Bxd4 Nxd4 33. Qxd4 Re8 34. Qd7 Qe7 35. Qxe7 Rxe7 36. Kf1 Kg7 37. Ke2 Kf7 38. g3 f5 39. Ne3 Bg7 40. Rd8 Ke6 41. Nd5 Rd7 42. Re8+ Kd6 43. f3 exf3+ 44. Kxf3 Bb2 45. Ke2 Bd4 46. Kd3 Bg1 47. h3 Rf7 48. Rd8+ Ke6 49. Re8+ Kd7 50. Rb8 Ke6 51. Re8+ Kd6 52. Rd8+ Rd7 1/2-1/2

[Event "Satka Autumn op (Women)"]
[Site "Satka"]
[Date "2015.09.30"]
[Round "9"]
[White "Turebayeva, Alfiya"]
[Black "Buldakova, Irina"]
[Result "1-0"]
[WhiteElo "2111"]
[BlackElo "1766"]
[PlyCount "39"]
[EventDate "2015.09.22"]
[EventType "swiss"]
[EventRounds "9"]
[EventCountry "RUS"]
[SourceTitle "CBM 168 Extra"]
[Source "ChessBase"]
[SourceDate "2015.10.29"]
[SourceVersion "1"]
[SourceVersionDate "2015.10.29"]
[SourceQuality "1"]

1. e4 c5 2. Nf3 e6 3. c4 Nc6 4. d4 cxd4 5. Nxd4 Nf6 6. Nc3 Be7 7. Be2 0-0 8. 0-0 d6 9. Be3 e5 10. Nf5 g6 11. Nxe7+ Nxe7 12. Bh6 Re8 13. Bg5 Kg7 14. Qd2 Qd7 15. Bxf6+ Kxf6 16. Qh6 b6 17. f4 Bb7 18. fxe5+ Kxe5 19. Qg7+ Ke6 20. Qf6# 1-0

[Event "Satka Autumn op (Women)"]
[Site "Satka"]
[Date "2014.09.27"]
[Round "7"]
[White "Sukhareva, Evgenia"]
[Black "Turebayeva, Alfiya"]
[Result "1/2-1/2"]
[WhiteElo "2196"]
[BlackElo "2102"]
[PlyCount "183"]
[EventDate "2014.09.21"]
[EventType "swiss"]
[EventRounds "9"]
[EventCountry "RUS"]
[SourceTitle "CBM 162 Extra"]
[Source "ChessBase"]
[SourceDate "2014.10.17"]
[SourceVersion "1"]
[SourceVersionDate "2014.10.17"]
[SourceQuality "1"]

1. d4 Nf6 2. c4 e6 3. Nf3 d5 4. Qc2 dxc4 5. Qxc4 a6 6. Qc2 Nbd7 7. Bg5 c5 8. e4 cxd4 9. Nbd2 e5 10. Rc1 Be7 11. Bd3 0-0 12. Nc4 Bb4+ 13. Ke2 Re8 14. a3 Bf8 15. b4 b6 16. h3 Bb7 17. Qb1 Rc8 18. g4 Qe7 19. Bh4 b5 20. Na5 Ba8 21. Nb3 Qe6 22. Nbd2 Nb6 23. Bc2 h6 24. Bb3 Nc4 25. Bxf6 Qxf6 26. Nxc4 bxc4 27. Bxc4 Red8 28. Qd3 Bb7 29. Nd2 Be7 30. h4 Qf4 31. Qf3 Qxf3+ 32. Kxf3 Kf8 33. Ke2 Rd7 34. Kd3 Rdc7 35. Rb1 Ra8 36. Rb3 a5 37. bxa5 Rxa5 38. Rhb1 Rxa3 39. Rxa3 Bxa3 40. Rb5 f6 41. Rb1 Ke7 42. f3 g6 43. Rb6 Bc6 44. Nb3 Bd7 45. Nd2 Bc5 46. Rb1 Ra7 47. Rb8 Ra3+ 48. Rb3 h5 49. gxh5 gxh5 50. Ke2 Ra1 51. Rb7 Kd6 52. Bd5 Ra7 53. Rxa7 Bxa7 54. Bf7 d3+ 55. Kxd3 Bf2 56. Bxh5 Bxh4 57. Bf7 Ba4 58. Bb3 Be8 59. Nc4+ Kc5 60. Ne3 Bg5 61. Nd5 Bb5+ 62. Kc2 Be2 63. Ne7 Bxf3 64. Kd3 Bg2 65. Bc2 Bf1+ 66. Kc3 Bh4 67. Kd2 Bh3 68. Nf5 Bg5+ 69. Kc3 Bg4 70. Ne7 Be6 71. Bd3 Kd6 72. Nf5+ Bxf5 73. exf5 Kd5 74. Kc2 Kd4 75. Ba6 Ke3 76. Kd1 e4 77. Ke1 Bh4+ 78. Kf1 Kf3 79. Bb5 Kf4 80. Bd7 Ke3 81. Bb5 Kd2 82. Ba6 Bg3 83. Bb5 Be5 84. Ba6 Ke3 85. Bb5 Bc3 86. Ba6 Kf3 87. Bb5 Kf4 88. Bd7 Kg4 89. Ke2 Kf4 90. Bc8 Bb4 91. Bd7 Ba5 92. Bc8 1/2-1/2

[Event "Satka Autumn op (Women)"]
[Site "Satka"]
[Date "2014.09.26"]
[Round "6"]
[White "Turebayeva, Alfiya"]
[Black "Mukhina, Jana"]
[Result "1-0"]
[WhiteElo "2102"]
[BlackElo "1972"]
[PlyCount "93"]
[EventDate "2014.09.21"]
[EventType "swiss"]
[EventRounds "9"]
[EventCountry "RUS"]
[SourceTitle "CBM 162 Extra"]
[Source "ChessBase"]
[SourceDate "2014.10.17"]
[SourceVersion "1"]
[SourceVersionDate "2014.10.17"]
[SourceQuality "1"]

1. e4 e5 2. Nc3 Nf6 3. g3 Nc6 4. Bg2 Bc5 5. d3 0-0 6. h3 a6 7. Nge2 b5 8. a3 Bb7 9. 0-0 Nd4 10. Kh2 d5 11. exd5 Nxd5 12. Ne4 Be7 13. c4 Nb6 14. b3 f5 15. Nxd4 Qxd4 16. Be3 Qd8 17. Nc3 Bxg2 18. Kxg2 c6 19. a4 b4 20. a5 Nd7 21. Na4 f4 22. Bb6 Qe8 23. d4 exd4 24. Bxd4 Rd8 25. Qg4 Bf6 26. Qxf4 Ne5 27. Rad1 Qh5 28. g4 Ng6 29. Qxf6 Nh4+ 30. Kh1 Rxf6 31. gxh5 Rfd6 32. Nc5 Rxd4 33. Rxd4 Rxd4 34. Kh2 Nf3+ 35. Kg2 Nd2 36. Re1 Kf7 37. Re3 Rd8 38. Nxa6 Ra8 39. Nxb4 c5 40. Nc6 Ra6 41. Ne5+ Ke6 42. Nf3+ Kd6 43. Nxd2 Rxa5 44. Rg3 Ra2 45. Ne4+ Ke5 46. Nxc5 Kd4 47. Ne6+ 1-0

[Event "Satka Autumn op (Women)"]
[Site "Satka"]
[Date "2014.09.25"]
[Round "5"]
[White "Goryachkina, Aleksandra"]
[Black "Turebayeva, Alfiya"]
[Result "1-0"]
[WhiteElo "2430"]
[BlackElo "2102"]
[PlyCount "109"]
[EventDate "2014.09.21"]
[EventType "swiss"]
[EventRounds "9"]
[EventCountry "RUS"]
[SourceTitle "CBM 162 Extra"]
[Source "ChessBase"]
[SourceDate "2014.10.17"]
[SourceVersion "1"]
[SourceVersionDate "2014.10.17"]
[SourceQuality "1"]

1. d4 d6 2. Nf3 Bg4 3. Bg5 Nd7 4. Nbd2 h6 5. Bh4 g5 6. Bg3 f5 7. e3 e5 8. h3 Bh5 9. dxe5 dxe5 10. Be2 Qe7 11. Nxe5 Bxe2 12. Qxe2 Nxe5 13. Qb5+ Nd7 14. Qxb7 Rb8 15. Qxc7 f4 16. 0-0-0 Qd6 17. Qxd6 Bxd6 18. exf4 gxf4 19. Nc4 fxg3 20. Nxd6+ Kf8 21. fxg3 Ngf6 22. Rhf1 Kg7 23. g4 Ne5 24. Rde1 Nfd7 25. Re4 Rhf8 26. Nf5+ Kg6 27. Ra4 Rb7 28. b3 Rf6 29. Re4 Kh7 30. Rd1 Ra6 31. Kb1 Rc6 32. Nd6 Rbc7 33. Rd2 a5 34. Nf5 Rc5 35. Red4 Nf6 36. Rd6 R5c6 37. Rxc6 Nxc6 38. Rd6 Ng8 39. c4 a4 40. Kb2 axb3 41. axb3 Ne5 42. Kc3 Rf7 43. Kd4 Ng6 44. c5 Nf6 45. c6 Nf4 46. c7 Rxc7 47. Rxf6 Rd7+ 48. Ke4 Nxg2 49. Rxh6+ Kg8 50. Rg6+ Kf8 51. Ra6 Rd1 52. g5 Re1+ 53. Kf3 Rf1+ 54. Kxg2 Rxf5 55. Rf6+ 1-0

[Event "Satka Autumn op (Women)"]
[Site "Satka"]
[Date "2013.09.09"]
[Round "7"]
[White "Turebayeva, Alfiya"]
[Black "Pranizina, Alina"]
[Result "1-0"]
[WhiteElo "2089"]
[BlackElo "1867"]
[PlyCount "87"]
[EventDate "2013.09.03"]
[EventType "swiss"]
[EventRounds "9"]
[EventCountry "RUS"]
[SourceTitle "CBM 156 Extra"]
[Source "ChessBase"]
[SourceDate "2013.10.22"]
[SourceVersion "1"]
[SourceVersionDate "2013.10.22"]
[SourceQuality "1"]

1. e4 e5 2. Nf3 Nf6 3. Nxe5 d6 4. Nc4 Nxe4 5. Nc3 Nxc3 6. bxc3 Nc6 7. d4 d5 8. Ne3 Be6 9. Rb1 Rb8 10. Be2 Bd6 11. c4 Be7 12. Bf3 Nb4 13. c3 Na6 14. cxd5 Bd7 15. 0-0 0-0 16. Re1 c6 17. dxc6 bxc6 18. Rxb8 Qxb8 19. Nc4 Bf6 20. Qa4 Re8 21. Rd1 Nc7 22. Bf4 Qd8 23. Ne5 Bxe5 24. dxe5 Qe7 25. Qxa7 Be6 26. Bxc6 Rd8 27. Rd6 g5 28. Bg3 f5 29. f3 f4 30. Qd4 Rb8 31. Be1 Rb1 32. Kf2 Rb2+ 33. Bd2 Rxa2 34. g3 h5 35. Qd3 Kg7 36. Bd7 Bf7 37. Qf5 Nd5 38. Ke1 Ra1+ 39. Ke2 fxg3 40. hxg3 Rg1 41. Bxg5 Qf8 42. Bh6+ Kh8 43. Bxf8 Rxg3 44. Qxf7 1-0

[Event "Satka Autumn op (Women)"]
[Site "Satka"]
[Date "2013.09.07"]
[Round "5"]
[White "Turebayeva, Alfiya"]
[Black "Ubiennykh, Ekaterina"]
[Result "0-1"]
[WhiteElo "2089"]
[BlackElo "2343"]
[PlyCount "46"]
[EventDate "2013.09.03"]
[EventType "swiss"]
[EventRounds "9"]
[EventCountry "RUS"]
[SourceTitle "CBM 156 Extra"]
[Source "ChessBase"]
[SourceDate "2013.10.22"]
[SourceVersion "1"]
[SourceVersionDate "2013.10.22"]
[SourceQuality "1"]

1. f4 d5 2. b3 Nc6 3. Bb2 Bf5 4. Nf3 Qd6 5. e3 0-0-0 6. Bb5 Nb4 7. Nd4 Qg6 8. Nxf5 Qxf5 9. Na3 Nf6 10. Be2 e6 11. g4 Qg6 12. g5 d4 13. exd4 Nfd5 14. 0-0 h5 15. h4 Bd6 16. f5 exf5 17. c4 Nf4 18. Nb5 Rhe8 19. Rxf4 Bxf4 20. a3 Bxg5 21. Bxh5 Be3+ 22. Kh1 Qg3 23. dxe3 Re4 0-1

[Event "Satka Autumn op (Women)"]
[Site "Satka"]
[Date "2012.09.26"]
[Round "6"]
[White "Turebayeva, Alfiya"]
[Black "Makarenko, Alexandra"]
[Result "1-0"]
[WhiteElo "2137"]
[BlackElo "2135"]
[PlyCount "135"]
[EventDate "2012.09.20"]
[EventType "swiss"]
[EventRounds "9"]
[EventCountry "RUS"]
[SourceTitle "CBM 150 Extra"]
[Source "ChessBase"]
[SourceDate "2012.10.19"]
[SourceVersion "1"]
[SourceVersionDate "2012.10.19"]
[SourceQuality "1"]

1. e4 c5 2. c3 Nf6 3. e5 Nd5 4. Nf3 e6 5. Bc4 Nb6 6. Bb3 c4 7. Bc2 d5 8. d4 cxd3 9. Qxd3 N8d7 10. 0-0 Qc7 11. Re1 Nc4 12. Qe2 b6 13. b3 Na5 14. Nd4 Nc6 15. Nxc6 Qxc6 16. c4 Bb7 17. Qf3 Qc7 18. Qf4 dxc4 19. bxc4 Rc8 20. Bd3 Qc6 21. Be4 Qc7 22. Bxb7 Qxb7 23. Nc3 Qc7 24. Bd2 a6 25. Re4 Nc5 26. Rd4 f6 27. exf6 Qxf4 28. Rxf4 gxf6 29. Rxf6 Bg7 30. Rf3 Rf8 31. Rxf8+ Kxf8 32. Rb1 Kf7 33. g3 Bxc3 34. Bxc3 Na4 35. Bd4 Rxc4 36. Bxb6 Rc2 37. Bd4 Rxa2 38. Rb7+ Kg6 39. Rg7+ Kf5 40. Rxh7 Ke4 41. Rh4+ Kd5 42. Be3 Nc3 43. Rd4+ Ke5 44. Rc4 Nd5 45. Bc5 a5 46. Kg2 Nf6 47. Bf8 Kd5 48. Rf4 Ne4 49. h4 a4 50. h5 e5 51. Rf3 a3 52. h6 Nxf2 53. Rxa3 Rc2 54. Ra5+ Ke6 55. Bg7 Ne4+ 56. Kf3 Ng5+ 57. Kg4 Nf7 58. Ra6+ Kd7 59. Rf6 Ke8 60. h7 Rh2 61. Rxf7 Rxh7 62. Rc7 e4 63. Be5 Rh1 64. Kf4 Kd8 65. Kxe4 Re1+ 66. Kf5 Rf1+ 67. Ke6 Rf7 68. Rxf7 1-0

[Event "Satka Autumn op (Women)"]
[Site "Satka"]
[Date "2012.09.25"]
[Round "5"]
[White "Turebayeva, Alfiya"]
[Black "Muksimova, Oksana"]
[Result "1-0"]
[WhiteElo "2137"]
[BlackElo "1794"]
[PlyCount "29"]
[EventDate "2012.09.20"]
[EventType "swiss"]
[EventRounds "9"]
[EventCountry "RUS"]
[SourceTitle "CBM 150 Extra"]
[Source "ChessBase"]
[SourceDate "2012.10.19"]
[SourceVersion "1"]
[SourceVersionDate "2012.10.19"]
[SourceQuality "1"]

1. e4 e5 2. Nf3 Nf6 3. Nxe5 d6 4. Nf3 Nxe4 5. d4 d5 6. Bd3 Bd6 7. 0-0 0-0 8. c4 Nf6 9. Nc3 dxc4 10. Bxc4 a6 11. Bg5 h6 12. Bh4 Bg4 13. Qd3 g5 14. Qg6+ Kh8 15. Qxh6+ 1-0

[Event "Satka Autumn op (Women)"]
[Site "Satka"]
[Date "2012.09.22"]
[Round "2"]
[White "Timofeeva, Ekaterina"]
[Black "Turebayeva, Alfiya"]
[Result "1-0"]
[WhiteElo "2319"]
[BlackElo "2137"]
[PlyCount "117"]
[EventDate "2012.09.20"]
[EventType "swiss"]
[EventRounds "9"]
[EventCountry "RUS"]
[SourceTitle "CBM 150 Extra"]
[Source "ChessBase"]
[SourceDate "2012.10.19"]
[SourceVersion "1"]
[SourceVersionDate "2012.10.19"]
[SourceQuality "1"]

1. Nf3 Nf6 2. g3 e6 3. Bg2 d5 4. c4 dxc4 5. Qa4+ Nbd7 6. Qxc4 c5 7. Qc2 Be7 8. 0-0 0-0 9. Nc3 Nd5 10. d4 Nb4 11. Qb3 a5 12. a3 cxd4 13. Nxd4 e5 14. axb4 exd4 15. Nd5 Ra6 16. bxa5 Nc5 17. Qc4 Be6 18. b4 Bxd5 19. Qxd5 Qxd5 20. Bxd5 Rd6 21. Bc4 Ne6 22. b5 Rc8 23. Bd3 Rdd8 24. Ba3 Bxa3 25. Rxa3 Nc5 26. Bf5 Ra8 27. Rc1 Rd5 28. Bg4 f5 29. Bf3 Ne4 30. Rb1 Rd6 31. b6 Nd2 32. Rb5 Nxf3+ 33. Rxf3 g6 34. Rd3 Rad8 35. Rc5 R8d7 36. Kf1 Kg7 37. e3 Kh6 38. exd4 Rxd4 39. Rdc3 Ra4 40. Rc7 Rd1+ 41. Ke2 Rb1 42. Rxb7 Rxa5 43. f4 Ra8 44. Rcc7 Rh8 45. h4 Kh5 46. Rxh7+ Rxh7 47. Rxh7+ Kg4 48. h5 Rb2+ 49. Ke3 Rb3+ 50. Kd4 gxh5 51. Rg7+ Kf3 52. b7 Kf2 53. Ke5 Rb5+ 54. Kd6 Rb1 55. Kc7 Rc1+ 56. Kd8 Rb1 57. Kc8 Rc1+ 58. Rc7 Rb1 59. Rc3 1-0

[Event "Urals-ch (Women)"]
[Site "Russia"]
[Date "2012.02.28"]
[Round "4"]
[White "Nasybullina, Alfia"]
[Black "Turebayeva, Alfiya"]
[Result "1/2-1/2"]
[WhiteElo "1997"]
[BlackElo "2188"]
[PlyCount "40"]
[EventDate "2012.02.25"]
[EventType "swiss"]
[EventRounds "9"]
[EventCountry "RUS"]
[SourceTitle "EXT 2014"]
[Source "ChessBase"]
[SourceDate "2013.11.20"]
[SourceVersion "1"]
[SourceVersionDate "2013.11.20"]
[SourceQuality "1"]

1. d4 Nf6 2. c4 e6 3. Nc3 Bb4 4. Qc2 0-0 5. a3 Bxc3+ 6. Qxc3 d5 7. Bg5 b6 8. Nf3 dxc4 9. Qxc4 Ba6 10. Qa4 c5 11. dxc5 bxc5 12. Rd1 Qb6 13. Bxf6 gxf6 14. Rd2 Nc6 15. Qg4+ Kh8 16. Qh4 Kg7 17. Qg3+ Kh8 18. Qh4 Kg7 19. Qg3+ Kh8 20. Qh4 Kg7 1/2-1/2

[Event "Kustanay Ufimtsev Memorial"]
[Site "Kustanay"]
[Date "2011.06.14"]
[Round "2"]
[White "Sagnayev, Kunanbay"]
[Black "Turebayeva, Alfiya"]
[Result "0-1"]
[WhiteElo "2012"]
[BlackElo "2206"]
[PlyCount "60"]
[EventDate "2011.06.13"]
[EventType "tourn"]
[EventRounds "9"]
[EventCountry "KAZ"]
[SourceTitle "EXT 2012"]
[Source "ChessBase"]
[SourceDate "2011.11.24"]
[SourceVersion "1"]
[SourceVersionDate "2011.11.24"]
[SourceQuality "1"]

1. e4 c5 2. Nf3 Nc6 3. d4 cxd4 4. Nxd4 e5 5. Nb5 d6 6. a4 Nf6 7. N1c3 a6 8. Na3 Be7 9. Be2 0-0 10. Be3 Rb8 11. 0-0 Be6 12. Bf3 Nb4 13. Nd5 Bxd5 14. exd5 e4 15. Bxe4 Nxe4 16. Qd4 Nxc2 17. Nxc2 Nc5 18. Ra3 Qd7 19. Bh6 f6 20. Rg3 Rf7 21. a5 Kh8 22. b4 Qf5 23. Ne3 Qe4 24. Qd1 Qxb4 25. Qh5 g6 26. Rxg6 hxg6 27. Qxg6 Rh7 28. h3 Rg8 29. Qh5 Qe4 30. Ng4 Qg6 0-1